Integrácia manažérskych systémov v spoločnosti Dalkia(Integration of Management Systems in the company Dalkia)[CD-ROM] : diplomová práca

Enregistré dans:
Détails bibliographiques
Auteur principal: Mitošinková, Andrea (Auteur)
Autres auteurs: Hekelová, Edita, 1954- (xxx)
Format: Livre
Langue:slovaque
Publié: Bratislava : STU v Bratislave SjF, 2009
Édition:1.vyd
Sujets:
Tags: Ajouter un tag
Pas de tags, Soyez le premier à ajouter un tag!

MARC

LEADER 00000nam a22000003a 4500
001 stu203614
005 20150617230052.7
008 100512s2009----xo------------------slo-d
040 |a STU  |b slo 
041 0 |a slo 
044 |a xo 
100 1 |a Mitošinková, Andrea  |4 aut  |u J0070  |9 100  |U SjF Strojnícka fakulta  |T SjF Ústav výrobných systémov, enviromentálnej techniky a manažment kvality  |U J0070  |Y 804 
245 1 |a Integrácia manažérskych systémov v spoločnosti Dalkia(Integration of Management Systems in the company Dalkia)[CD-ROM] :  |b diplomová práca 
250 |a 1.vyd 
260 |a Bratislava :  |b STU v Bratislave SjF,  |c 2009 
300 |a 84 s 
650 7 |a Integrácia manažérskych systémov  |2 stusub 
650 7 |a systém environmentálneho manažérstva  |2 stusub 
650 7 |a Integration of Management Systems  |2 estusub 
650 7 |a Integration of Management Systems  |2 estusub 
700 1 |a Hekelová, Edita,  |d 1954-  |4 xxx  |u J0070  |U SjF Strojnícka fakulta  |T SjF Ústav výrobných systémov, enviromentálnej techniky a manažment kvality  |X 2429  |U J0070  |Y 804  |7 A000002429 
996 |b 284J035881  |c J*491/DP  |l JJSK  |s A  |a 24  |w stu203614_0001